Statistiques concernant Paroles - Mme Pavoshko - Black M

Cliquez ici pour prendre le quiz!

Statistiques générales

  • Ce quiz a été pris 631 fois
    (625 depuis la dernière actualisation)
  • Le résultat moyen est 405 sur 711

Statistiques - réponses

Answers% Correct
m'a
98%
Ma
98%
ma
98%
madame
98%
Madame
98%
Pavoshko
98%
À
97%
a
97%
à
97%
de
97%
me
93%
ou
93%
93%
pas
93%
en
92%
Et
91%
et
91%
prison
91%
Dès
90%
des
90%
non
90%
Le
89%
le
89%
l'hosto'
89%
Vos
89%
vos
89%
J'suis
88%
j'suis
88%
gosses
87%
Ce
86%
ce
86%
vous
85%
Vous
85%
Hi
84%
kiffent
83%
Je
82%
je
82%
J'fais
81%
est
80%
hits
80%
oui
78%
Oui
78%
son
77%
souvenez
77%
un
77%
c'est
76%
C'est
76%
mon
75%
suis
75%
Une
75%
une
75%
au
73%
J'ai
73%
j'ai
73%
Si
73%
dédicace
70%
moi
68%
mes
66%
pour
66%
sous
66%
dit
65%
les
65%
Les
65%
qui
65%
Qui
65%
toujours
65%
petit
64%
J'me
63%
autant
61%
d'inspi'
61%
l'eau
60%
on
60%
On
60%
Diallo
58%
fire
58%
Fire
58%
(Fire)
58%
Monsieur
58%
la
57%
Solo
55%
voulez
55%
con
54%
gars
54%
l'moment
54%
sur
53%
tête
51%
'te-tê'
51%
Ça
48%
eu
48%
renoi
48%
se
48%
que
47%
Que
47%
coup
46%
du
46%
l'fire!
45%
l'fire
45%
mets
45%
ai
43%
couplets
43%
vie
42%
cours
41%
surveillant
41%
ne
39%
sais
39%
weed
38%
sont
37%
dans
36%
Hello
36%
Yo
36%
délégué
35%
elle
35%
contre
34%
il
34%
m'en
34%
bats
33%
d'barge
33%
fait
33%
grattait
33%
rap
33%
ah
32%
Ah
32%
d'oim'?
32%
fais
32%
dommage
31%
Fuck
31%
mais
30%
surveillants
30%
tu
30%
Va
30%
bac
29%
dites-moi
27%
Toi
27%
toi
27%
brevet
25%
colle
25%
ils
25%
plus
25%
directrice
23%
l'mic'
23%
s'tweete
23%
tire
23%
nous
22%
conne
21%
j'en
21%
l'école
20%
mathématiques
20%
même
20%
petite
20%
Quel
20%
t'es
20%
chorale
19%
diront
19%
force
19%
jour
19%
(Ouh)
19%
ouh
19%
rappe
19%
collège
18%
heures
18%
King
18%
Rectorat
18%
ton
18%
trop
18%
aujourd'hui
17%
Kong
17%
poste
17%
qu'on
17%
voix
17%
vraie
17%
Yeah
17%
adrénaline
16%
avoir
16%
BEP
16%
fera
16%
fric
16%
gros
16%
monde
16%
police
16%
qu'à
16%
qu'un
16%
rigoler
16%
yeux
16%
anecdote
15%
calculé
15%
être
15%
hop
15%
poches?
15%
sons
15%
type
15%
Vas-y
15%
allez
14%
croisent
14%
discours
14%
époque
14%
l'prof
14%
préfère
14%
regards
14%
s'imagine
14%
vider
14%
bureau
13%
d'où
13%
fidèle
13%
juré
13%
Pourquoi
13%
Smith
13%
toilettes
13%
bricoler!
12%
chuchotait
12%
d'aller-retour
12%
dirait
12%
drôle
12%
haha
12%
j'dirais
12%
j'voulais
12%
lieu
12%
m'avez
12%
m'dis
12%
n'est
12%
collègues
11%
donné
11%
Enfin
11%
j'vous
11%
prévenir
11%
qu'nos
11%
remercie
11%
wesh
11%
failli
10%
gifler
10%
m'demande
10%
procurer
10%
Wesson
10%
avez
9%
danserez
9%
d'te
9%
fous
9%
poucave
9%
m'snipe?
8%
rêves
8%
sé-po
8%
d'ces
7%
fameux
7%
fumais
7%
J'analysais
7%
profs
7%
bref
6%
cantine
6%
classe
6%
colère
6%
donc
6%
Mettez-moi
6%
reust'
6%
d'mes
5%
d'réaliser
5%
j'étais
5%
kickait
5%
l'un
5%
Yoohoo
5%
gâter
4%
présent
4%
retard
4%
beep
3%
cahier
3%
conseil
3%
faisais
3%
tits-pe
3%
d'arriver
2%
exprès
2%
Jette
2%
m'faire
2%
Nakk
2%
renvoyer
2%
aucune
1%
avertissement
1%
disaient
1%
hahaha
1%
nazes
1%
Parti
1%
partie
1%
T'as
1%
assumez
0%
divertissement
0%
excuse
0%
Qu'tu
0%

Distribution des résultats

Percentile par nombre de réponses

% des personnes avec chaque résultat

Votre développement - résultats

Vous n’avez pas pris ce quiz depuis la dernière actualisation